Principios de comunicaciones (Record no. 125601)
[ view plain ]
| 000 -LEADER | |
|---|---|
| campo de control de longitud fija | 00636nam a2200181 i 4500 |
| 001 - NÚMERO DE CONTROL | |
| campo de control | 125601 |
| 003 - IDENTIFICADOR DE NÚMERO DE CONTROL | |
| campo de control | ES-MaACL |
| 007 - CAMPO FIJO DE DESCRIPCIÓN FÍSICA--INFORMACIÓN GENERAL | |
| campo de control de longitud fija | t| |
| 008 - DATOS DE LONGITUD FIJA--INFORMACIÓN GENERAL | |
| campo de control de longitud fija | 070620q1981 mx ||||1| spa d |
| 100 1# - ENTRADA PRINCIPAL--NOMBRE DE PERSONA | |
| Nombre de persona | Ziemer, Rodger E. |
| 9 (RLIN) | 118246 |
| 245 10 - MENCIÓN DEL TÍTULO | |
| Título | Principios de comunicaciones |
| Resto del título | : sistemas, modulación y ruido / |
| Mención de responsabilidad, etc. | R. E. Ziemer ; [traducción Carlos A. García Ferrer ; revisión Francisco Ocampo Millán]. |
| 260 ## - PUBLICACIÓN, DISTRIBUCIÓN, ETC. | |
| Lugar de publicación, distribución, etc. | México : |
| Nombre del editor, distribuidor, etc. | Trillas, |
| Fecha de publicación, distribución, etc. | [1981] |
| 300 ## - DESCRIPCIÓN FÍSICA | |
| Extensión | 636 p. ; |
| Dimensiones | 23 cm. |
| 650 14 - PUNTO DE ACCESO ADICIONAL DE MATERIA--TÉRMINO DE MATERIA | |
| Término de materia o nombre geográfico como elemento de entrada | Telecomunicaciones. |
| 9 (RLIN) | 17425 |
| 700 1# - ENTRADA AGREGADA--NOMBRE PERSONAL | |
| Nombre de persona | García Ferrer, Carlos A. |
| 9 (RLIN) | 54612 |
| 700 1# - ENTRADA AGREGADA--NOMBRE PERSONAL | |
| Nombre de persona | Ocampo Millán, Francisco. |
| 9 (RLIN) | 86450 |
| 852 ## - LOCALIZACIÓN | |
| Ubicación | ES-MaACL |
| Número de control de estantería | L-4627 |
| Estatus retirado | Estado de pérdida | Estado de daño | No para préstamo | Biblioteca de origen | Biblioteca actual | Ubicación en estantería | Fecha de adquisición | Fuente de adquisición | Total de préstamos | Signatura topográfica completa | Código de barras | Visto por última vez | Precio de reemplazo | Tipo de ítem Koha |
|---|---|---|---|---|---|---|---|---|---|---|---|---|---|---|
| Biblioteca del Ateneo de Madrid | Biblioteca del Ateneo de Madrid | Depósito 2 | 17/01/2008 | L-4627 | 1130840 | 23/02/2023 | 23/02/2023 | Libro impreso |
